00382nam a2200145Ia 4500008004100000020001500041041001200056082001600068100001300084245006700097260003500164300000800199650001400207700001500221221030s9999 xx 000 0 und d a8178084961 aEnglish a105.23bKru aR. Kruse 0aData Structrues & Program Design in Ccby R. Kruse, C.L. Tondo bPearson EducationaDelhic2004 a671 aComputers aC.L. Tondo